| 000 | 00645nam a22002297a 4500 | ||
|---|---|---|---|
| 003 | OSt | ||
| 005 | 20180925173553.0 | ||
| 008 | 180925b xxu||||| |||| 00| 0 eng d | ||
| 020 | _a9780071247108 | ||
| 020 | _a0071247106 | ||
| 040 | _cDDC | ||
| 082 | _a 660 MCC 2005 | ||
| 100 |
_aMcCabe, Warren L.; Smith, Julian C.; Harriott, Peter _912678 |
||
| 245 | _aUnit Operations of Chemical Engineering | ||
| 250 | _a7th ed. | ||
| 260 | _aBoston; McGraw Hill, 2005 | ||
| 300 | _axxv,1140p; ill: 24cm | ||
| 504 | _aAppendices, & index included | ||
| 650 |
_aChemical engineering _94962 |
||
| 650 |
_aUnit operations _912679 |
||
| 942 |
_2z _cSLOAN |
||
| 999 |
_c6134 _d6134 |
||